000 01072nam a22003257a 4500
001 0035191
003 KOHA_MİRAKIL
005 20260207002936.0
007 ta
008 120206b1992 tu |||gr||||#||||0|tur |
020 _a9754420211
040 _aTR-BiSEU
_btur
_cTR-BiSEU
_erda
041 0 _atur
044 _ctu
050 _aQC311
_b.A94 1992
100 1 _aAyhan, Teoman.
245 1 _aTermodinamik/
_cTeoman Ayhan ; T. Ayhan, Ö. Çomaklı.
264 1 _aErzurum :
_bAtatürk Üniversitesi
_c1992
300 _a iii, 143 sayfa
336 _ametin
_btxt
_2rdacontent
337 _aaracısız
_bn
_2rdamedia
338 _acilt
_bnc
_2rdacarrier
490 1 _aAtatürk Üniversitesi yayınları ;
_vNo.733.
490 1 _aMühendislik Fakültesi yayınları ;
_vNo.2, Ders Kitapları serisi ;
_vNo.1.
500 _aKaynakça var.
650 0 _aThermodynamics.
_91697
830 1 _aAtatürk Üniversitesi yayınları ;
_vNo.733.
_916569
830 1 _aMühendislik Fakültesi yayınları ;
_vNo.2, Ders Kitapları serisi ;
_vNo.1.
_97962
942 _2lcc
_cBK
999 _c35097
_d35097